Estadísticas para Ascendencia de famosos de Estados Unidos (Parte 1)

Haz click aquí para intentar la prueba.

Estadísticas generales

  • Esta prueba ha sido intentada 37 veces
  • La puntuación promedio es 7 de 24

Estadísticas de respuestas

Respuesta% Correcto
China
100%
Australia
74%
India
56%
México
50%
Canadá
38%
Liberia
38%
República Dominicana
35%
Reino Unido
32%
Haití
29%
Honduras
29%
Argentina
26%
Polonia
26%
Rusia
21%
Siria
21%
Sudáfrica
21%
España
18%
Portugal
18%
Venezuela
18%
Filipinas
15%
Grecia
15%
Senegal
12%
Albania
9%
Países Bajos
9%
Panamá
9%

Distribución de puntuación

Porcentaje por número respondido

Porcentaje de gente con cada puntuación

Historial de tus puntuaciones

No has intentado esta prueba.